000 00418nam a2200169 i 4500
001 bg
100 1 _aKIJEWSKI, Jan
245 0 _aSilniki spalinowe :
_bpodręcznik dla technikum /
_cJan Kijewski.
250 _aWyd. 4.
260 _aWarszawa,
_c1984.
650 9 _aSilniki spalinowe
040 _cBPK
041 _apol
080 _a621.4+621.1(075.3)
942 _cKS
008 s pl f |000 0 pol
999 _c49761
_d49761
856 _uhttp://koha.tu.koszalin.pl/cgi-bin/koha/opac-detail.pl?biblionumber=49761
_yKatalog online BPK